NBA, NHL ou NFL - Statistiques

Statistiques générales
  • Ce quiz a été pris 1 872 fois
  • Le résultat moyen est 76 sur 94
Statistiques - réponses
Hint Réponse % Correct
Miami Heat NBA
89%
Los Angeles Lakers NBA
89%
Boston Celtics NBA
88%
San Antonio Spurs NBA
88%
Golden State Warriors NBA
88%
Chicago Bulls NBA
87%
Kansas City Chiefs NFL
87%
Brooklyn Nets NBA
86%
Utah Jazz NBA
86%
Denver Nuggets NBA
86%
Orlando Magic NBA
86%
New York Knicks NBA
86%
Los Angeles Clippers NBA
86%
Charlotte Hornets NBA
85%
Toronto Raptors NBA
85%
Milwaukee Bucks NBA
85%
Houston Rockets NBA
85%
Phoenix Suns NBA
85%
New England Patriots NFL
85%
Dallas Mavericks NBA
84%
Memphis Grizzlies NBA
84%
Detroit Pistons NBA
84%
Cleveland Cavaliers NBA
84%
Washington Wizards NBA
84%
Vancouver Canucks NHL
84%
Montreal Canadiens
NHL
84%
Toronto Maple Leafs NHL
84%
Sacramento Kings NBA
83%
Oklahoma City Thunder NBA
83%
Philadelphia 76ers NBA
83%
Philadelphia Eagles NFL
83%
Edmonton Oilers NHL
83%
Colorado Avalanche NHL
83%
Ottawa Senators NHL
83%
Minnesota Timberwolves NBA
82%
Portland Trail Blazers NBA
82%
Miami Dolphins NFL
82%
Cincinnati Bengals NFL
82%
Green Bay Packers NFL
82%
Los Angeles Rams NFL
82%
Dallas Cowboys NFL
82%
Jacksonville Jaguars NFL
82%
Calgary Flames NHL
82%
Pittsburgh Penguins NHL
82%
New York Islanders NHL
82%
New Orleans Pelicans NBA
81%
Indiana Pacers NBA
81%
Detroit Lions NFL
81%
San Francisco 49ers NFL
81%
Denver Broncos NFL
81%
Baltimore Ravens NFL
81%
Anaheim Ducks NHL
81%
Seattle Kraken NHL
81%
Los Angeles Chargers NFL
80%
Atlanta Falcons NFL
80%
Tennessee Titans NFL
80%
New Orleans Saints NFL
80%
Tampa Bay Buccaneers NFL
80%
Buffalo Bills NFL
80%
Minnesota Wild NHL
80%
New Jersey Devils NHL
80%
Columbus Blue Jackets NHL
80%
San Jose Sharks NHL
80%
Buffalo Sabres NHL
80%
St. Louis Blues NHL
80%
Atlanta Hawks NBA
79%
Seattle Seahawks NFL
79%
Las Vegas Raiders NFL
79%
Arizona Cardinals NFL
79%
New York Giants NFL
79%
Boston Bruins NHL
79%
Vegas Golden Knights NHL
79%
Nashville Predators NHL
79%
Tampa Bay Lightning NHL
79%
Detroit Red Wings NHL
79%
Philadelphia Flyers NHL
79%
Chicago Blackhawks NHL
79%
Pittsburgh Steelers NFL
78%
Chicago Bears NFL
78%
Minnesota Vikings NFL
78%
Houston Texans NFL
78%
Indianapolis Colts NFL
78%
Carolina Hurricanes NHL
78%
Cleveland Browns NFL
77%
New York Jets NFL
76%
Arizona Coyotes NHL
76%
Winnipeg Jets NHL
76%
Washington Commanders (Redskins) NFL
75%
Dallas Stars NHL
75%
Washington Capitals NHL
75%
New York Rangers NHL
74%
Carolina Panthers NFL
73%
Los Angeles Kings NHL
68%
Florida Panthers NHL
61%
Aucun quiz correspondant
Distribution des résultats
% des personnes avec chaque résultat
Percentile par nombre de réponses
Votre historique - résultats
Vous n’avez pas pris ce quiz